00706 2200217 4500001002100000005001700021008004100038020002200079035002400101082001200125090001900137100002300156245015100179260002800330300002400358650001800382700003400400990001800434990001800452990001800470YOGYA-0311000000033420110322090022.0 ind  a978-979-033-798-5 0010-031100000000334 a297.382 a297.382bJaz D aJAZIMAH, Nurul, Hj aDoa-doa dari Rasulullah : khusus untuk wanita dilengkapi dengan tahlil dan bacaan umrah-hajicNurul Jaziman ; editor, hairi Rumantati, Sayed Mahdi aJakartabErlanggac2009 axxi, 113 hlmc15 cm aDoa (Kristen) aRumanti, KhairiaMahdi, Sayed a50565-PB/B.10 a50566-PB/B.10 a50567-PB/B.10